[Event "ENCI Limburg-open B"]
[Site "Maastricht"]
[Date "2010.05.24"]
[Round "7"]
[White "Porteman, Eric"]
[Black "Gunther, Marcella"]
[Result "1-0"]
[WhiteElo "1931"]
[BlackElo "1881"]
[PlyCount "75"]
[EventDate "2010.05.21"]
[EventType "swiss"]
[EventRounds "7"]
[EventCountry "NED"]
[Source "P.Boonen"]
[SourceDate "2010.10.01"]

1. c4 e5 2. Nc3 Nf6 3. g3 Nc6 4. Bg2 Be7 5. d3 O-O 6. Nf3 d6 7. O-O h6 8. Rb1
Be6 9. Re1 Qd7 10. b4 a6 11. a4 Bh3 12. Bh1 Ng4 13. Nd5 Bd8 14. Bd2 f5 15. Qc1
e4 16. Nf4 exf3 17. Bxf3 Nxf2 18. Kxf2 Bg4 19. Bd5+ Kh7 20. h3 g5 21. hxg4 gxf4
22. Bxf4 fxg4 23. Kg2 Qg7 24. Rh1 Rf6 25. Bxh6 Rxh6 26. Be4+ Kg8 27. Rxh6 Bg5
28. Bd5+ Kf8 29. Qf1+ Ke7 30. Re6+ Kd7 31. Qf5 Nd4 32. Qg6 Qxg6 33. Rxg6 Be7
34. Rf1 c6 35. e3 cxd5 36. exd4 dxc4 37. dxc4 Rc8 38. c5 1-0

[Event "ENCI Limburg-open B"]
[Site "Maastricht"]
[Date "2010.05.24"]
[Round "7"]
[White "Roufs, Gerard"]
[Black "Holwijn, Melvin"]
[Result "1/2-1/2"]
[WhiteElo "1984"]
[BlackElo "2021"]
[PlyCount "103"]
[EventDate "2010.05.21"]
[EventType "swiss"]
[EventRounds "7"]
[EventCountry "NED"]
[Source "P.Boonen"]
[SourceDate "2010.10.01"]

1. d4 Nf6 2. Nf3 e6 3. e3 b6 4. Bd3 Bb7 5. O-O Be7 6. c4 O-O 7. Nc3 d5 8. cxd5
exd5 9. Qc2 Nbd7 10. Bd2 c5 11. Rfc1 Rc8 12. dxc5 Nxc5 13. Bf5 Ne6 14. Qd3 Ra8
15. Rd1 Nc5 16. Qb1 g6 17. Bc2 Qc8 18. Ne2 Nfe4 19. Be1 Rd8 20. Ned4 Ne6 21.
Rc1 Qd7 22. Bd3 Nxd4 23. Nxd4 a6 24. Qc2 Nc5 25. Be2 Bd6 26. Qd1 Be5 27. Bg4 f5
28. Bf3 Ne4 29. Rc2 Rac8 30. Rac1 Rxc2 31. Rxc2 Rc8 32. Rxc8+ Qxc8 33. g3 Qc4
34. b3 Qc5 35. Kg2 Qd6 36. Qc2 Ng5 37. Be2 Ne6 38. Bc3 Nc5 39. Bb2 Nd7 40. Kg1
Qc5 41. Qd2 Qd6 42. Nf3 Bf6 43. Bxf6 Nxf6 44. Qd4 Ne4 45. Nd2 Qc6 46. Nxe4 fxe4
47. Qe5 Bc8 48. Kg2 b5 49. b4 Be6 50. Qb8+ Kg7 51. Qe5+ Kg8 52. Qb8+ 1/2-1/2

[Event "ENCI Limburg-open B"]
[Site "Maastricht"]
[Date "2010.05.24"]
[Round "7"]
[White "Sanetra, Chris"]
[Black "Timmermans, Stefan"]
[Result "1/2-1/2"]
[WhiteElo "2027"]
[BlackElo "1865"]
[PlyCount "28"]
[EventDate "2010.05.21"]
[EventType "swiss"]
[EventRounds "7"]
[EventCountry "NED"]
[Source "P.Boonen"]
[SourceDate "2010.10.01"]

1. e4 c6 2. d4 d5 3. e5 Bf5 4. Bd3 Bxd3 5. Qxd3 e6 6. Nf3 Ne7 7. O-O Nd7 8. Nc3
Nf5 9. g4 Nh4 10. Kh1 Nxf3 11. Qxf3 Qh4 12. Qg3 Qxg3 13. hxg3 Be7 14. f4 O-O-O
1/2-1/2

[Event "ENCI Limburg-open B"]
[Site "Maastricht"]
[Date "2010.05.24"]
[Round "7"]
[White "Scheeren, Fred"]
[Black "Mueller, Sven"]
[Result "1-0"]
[WhiteElo "2005"]
[BlackElo "1855"]
[PlyCount "41"]
[EventDate "2010.05.21"]
[EventType "swiss"]
[EventRounds "7"]
[EventCountry "NED"]
[Source "P.Boonen"]
[SourceDate "2010.10.01"]

1. e4 e6 2. d4 d5 3. Nc3 Bb4 4. exd5 exd5 5. Bd3 Nf6 6. Nge2 Bg4 7. O-O c6 8.
Bg5 Nbd7 9. f3 Bh5 10. Ng3 Bg6 11. Re1+ Kf8 12. a3 Bd6 13. Nce2 Qc7 14. Qd2 Nh5
15. Nf1 Bxd3 16. Qxd3 f6 17. Bd2 Kf7 18. c4 Nf4 19. Bxf4 Bxf4 20. cxd5 cxd5 21.
Qf5 1-0

[Event "ENCI Limburg-open B"]
[Site "Maastricht"]
[Date "2010.05.24"]
[Round "7"]
[White "Smit, Melvin"]
[Black "Kalla, Christian"]
[Result "1/2-1/2"]
[WhiteElo "1883"]
[BlackElo "1968"]
[PlyCount "62"]
[EventDate "2010.05.21"]
[EventType "swiss"]
[EventRounds "7"]
[EventCountry "NED"]
[Source "P.Boonen"]
[SourceDate "2010.10.01"]

1. d4 Nf6 2. Nf3 e6 3. e3 b6 4. Bd3 Bb7 5. Nbd2 d5 6. O-O Nbd7 7. b3 Be7 8. Bb2
Ne4 9. c4 O-O 10. Qc2 Ndf6 11. Rac1 c5 12. Rfd1 cxd4 13. exd4 Nxd2 14. Nxd2 Rc8
15. a3 dxc4 16. bxc4 b5 17. c5 Qd5 18. Nf3 Qh5 19. Be2 Be4 20. Qd2 Nd5 21. Ne5
Qg5 22. Qxg5 Bxg5 23. Ra1 Nf4 24. Bf1 f6 25. Nd3 Nxd3 26. Bxd3 Bxd3 27. Rxd3
Rfd8 28. Rb3 a6 29. a4 e5 30. axb5 axb5 31. dxe5 fxe5 1/2-1/2

[Event "ENCI Limburg-open B"]
[Site "Maastricht"]
[Date "2010.05.24"]
[Round "7"]
[White "Snoeck, Rene"]
[Black "Tutenel, Erik"]
[Result "0-1"]
[WhiteElo "1985"]
[BlackElo "1817"]
[PlyCount "42"]
[EventDate "2010.05.21"]
[EventType "swiss"]
[EventRounds "7"]
[EventCountry "NED"]
[Source "P.Boonen"]
[SourceDate "2010.10.01"]

1. a3 e5 2. c4 Nf6 3. Nc3 c6 4. d4 exd4 5. Qxd4 d5 6. cxd5 cxd5 7. e4 Nc6 8.
Bb5 Bd7 9. Bxc6 Bxc6 10. e5 Ne4 11. b4 Nxc3 12. Qxc3 d4 13. Qg3 Qd5 14. Nf3
Qe4+ 15. Kd2 d3 16. Re1 Bxb4+ 17. axb4 Qxb4+ 18. Kd1 Qb3+ 19. Kd2 Qc2+ 20. Ke3
d2 21. Bxd2 Qe4# 0-1

[Event "ENCI Limburg-open B"]
[Site "Maastricht"]
[Date "2010.05.24"]
[Round "7"]
[White "Strauss, Erich"]
[Black "Cox, Jan"]
[Result "0-1"]
[WhiteElo "1781"]
[BlackElo "1854"]
[PlyCount "58"]
[EventDate "2010.05.21"]
[EventType "swiss"]
[EventRounds "7"]
[EventCountry "NED"]
[Source "P.Boonen"]
[SourceDate "2010.10.01"]

1. e4 e5 2. Nc3 Nf6 3. d3 Bc5 4. g3 O-O 5. Bg2 d6 6. h3 Nc6 7. Na4 Bb6 8. c3
Be6 9. b4 d5 10. Nxb6 axb6 11. exd5 Nxd5 12. Ne2 f5 13. b5 Nce7 14. O-O f4 15.
f3 Nf5 16. Re1 Nxc3 17. Nxc3 Qd4+ 18. Be3 Nxe3 19. Ne2 Qd7 20. Nxf4 Nxd1 21.
Nxe6 Qxe6 22. Raxd1 Rxa2 23. f4 Rxg2+ 24. Kxg2 Qd5+ 25. Kf2 exf4 26. g4 Qg5 27.
Kf3 Qh4 28. Re6 Qxh3+ 29. Ke2 Qxg4+ 0-1

[Event "ENCI Limburg-open B"]
[Site "Maastricht"]
[Date "2010.05.24"]
[Round "7"]
[White "Taverniers, Peter"]
[Black "Keetman, Maaike"]
[Result "1-0"]
[WhiteElo "1783"]
[BlackElo "1738"]
[PlyCount "51"]
[EventDate "2010.05.21"]
[EventType "swiss"]
[EventRounds "7"]
[EventCountry "NED"]
[Source "P.Boonen"]
[SourceDate "2010.10.01"]

1. c4 e5 2. Nc3 Nf6 3. d3 d5 4. cxd5 Nxd5 5. g3 Bb4 6. Bd2 Be6 7. Bg2 Nc6 8.
Nf3 f6 9. a3 Bc5 10. O-O Qd7 11. Rc1 Nxc3 12. Bxc3 Bb6 13. b4 Bh3 14. Qb3 h5
15. b5 Ne7 16. a4 h4 17. a5 Bd4 18. Bxd4 exd4 19. Qc4 hxg3 20. fxg3 Bxg2 21.
Kxg2 Nf5 22. Qxc7 Ne3+ 23. Kg1 Nxf1 24. Kxf1 Qxb5 25. Qxg7 Rf8 26. Rc7 1-0

[Event "ENCI Limburg-open B"]
[Site "Maastricht"]
[Date "2010.05.24"]
[Round "7"]
[White "Thoma, Sophia"]
[Black "De Strycker, Nathan"]
[Result "1-0"]
[WhiteElo "1894"]
[BlackElo "1753"]
[Annotator "Boonen,Piet"]
[PlyCount "123"]
[EventDate "2010.05.21"]
[EventType "swiss"]
[EventRounds "7"]
[EventCountry "NED"]
[Source "P.Boonen"]
[SourceDate "2010.10.01"]

1. e4 e6 2. d4 d5 3. e5 c5 4. c3 Nc6 5. Nf3 Qb6 6. a3 Nh6 7. Bd3 cxd4 8. cxd4
Nf5 9. Bxf5 exf5 10. Nc3 Be6 11. O-O Be7 12. b4 O-O 13. Be3 a6 14. Ng5 Bxg5 15.
Bxg5 Qxd4 16. Qxd4 Nxd4 17. Rfd1 Nc6 18. Nxd5 Bxd5 19. Rxd5 Rfe8 20. f4 Nd8 21.
Bxd8 Rexd8 22. Rad1 Rxd5 23. Rxd5 h6 24. Rd7 b5 25. Rd6 Kf8 26. Kf2 Ke7 27. Ke3
Ra7 28. Kd4 a5 29. Kc5 axb4 30. axb4 Ra2 31. g3 Rxh2 32. Kxb5 Rc2 33. Rd3 f6
34. exf6+ Kxf6 35. Kb6 Ke6 36. b5 g5 37. Ka7 Ra2+ 38. Kb7 gxf4 39. gxf4 Ra4 40.
Rf3 Rb4 41. b6 Kd5 42. Kc7 Rc4+ 43. Kb8 Rb4 44. b7 Ke4 45. Rf1 Rb2 46. Rh1 Kxf4
47. Rxh6 Ke3 48. Re6+ Kf3 49. Kc7 Rxb7+ 50. Kxb7 f4 51. Kc6 Kg2 52. Rg6+ Kf2
53. Kd5 f3 54. Ke4 Ke2 55. Ra6 f2 56. Ra2+ Ke1 57. Ke3 f1=N+ 58. Kd3 Ng3 59.
Rb2 Nf5 60. Rg2 Nd6 61. Rg5 Kf2 62. Re5 {.....} 1-0

[Event "ENCI Limburg-open B"]
[Site "Maastricht"]
[Date "2010.05.24"]
[Round "7"]
[White "Tjong-Akiet, Raf"]
[Black "Debusschere, Helmuth"]
[Result "0-1"]
[WhiteElo "1772"]
[BlackElo "1884"]
[PlyCount "68"]
[EventDate "2010.05.21"]
[EventType "swiss"]
[EventRounds "7"]
[EventCountry "NED"]
[Source "P.Boonen"]
[SourceDate "2010.10.01"]

1. d4 c5 2. d5 Nf6 3. Nf3 d6 4. Nc3 g6 5. e4 Nbd7 6. Be2 Bg7 7. O-O O-O 8. h3
a6 9. a4 b6 10. Re1 Kh8 11. Bf1 Ng8 12. g4 Qc7 13. Nh2 Bb7 14. f4 f6 15. Nf3
Bc8 16. g5 Rb8 17. h4 Re8 18. h5 fxg5 19. Nxg5 Bd4+ 20. Be3 Ndf6 21. Bxd4 cxd4
22. Qxd4 Qc5 23. Qxc5 bxc5 24. hxg6 hxg6 25. e5 dxe5 26. fxe5 Nh5 27. Nf7+ Kg7
28. e6 Rxb2 29. Ne4 Rxc2 30. d6 Bxe6 31. Ne5 exd6 32. Nxd6 Rd8 33. Rad1 Rf8 34.
Nxg6 Rxf1+ 0-1

[Event "ENCI Limburg-open B"]
[Site "Maastricht"]
[Date "2010.05.24"]
[Round "7"]
[White "Van Meegen, Ruud"]
[Black "Maassen van de Brink, Koen"]
[Result "1-0"]
[WhiteElo "1956"]
[BlackElo "1824"]
[PlyCount "47"]
[EventDate "2010.05.21"]
[EventType "swiss"]
[EventRounds "7"]
[EventCountry "NED"]
[Source "P.Boonen"]
[SourceDate "2010.10.01"]

1. e4 e5 2. Nf3 Nc6 3. Bc4 Nf6 4. d4 exd4 5. Ng5 Ne5 6. Bb3 h6 7. f4 hxg5 8.
fxe5 Nxe4 9. Qxd4 Nc5 10. Nc3 Nxb3 11. axb3 g4 12. Bf4 Be7 13. O-O-O c6 14. Ne4
O-O 15. h4 f5 16. Ng5 b5 17. Qe3 Qa5 18. Kb1 c5 19. h5 Rb8 20. h6 g6 21. e6 d6
22. Bxd6 Rb7 23. h7+ Kh8 24. Nf7+ 1-0

[Event "ENCI Limburg-open B"]
[Site "Maastricht"]
[Date "2010.05.24"]
[Round "7"]
[White "Willen, Ronny"]
[Black "Erin, Igor"]
[Result "1-0"]
[WhiteElo "1899"]
[BlackElo "1794"]
[PlyCount "39"]
[EventDate "2010.05.21"]
[EventType "swiss"]
[EventRounds "7"]
[EventCountry "NED"]
[Source "P.Boonen"]
[SourceDate "2010.10.01"]

1. e4 g6 2. d4 Bg7 3. Nc3 d6 4. f4 Nf6 5. Be2 O-O 6. g4 e5 7. g5 Nfd7 8. dxe5
dxe5 9. f5 f6 10. Bc4+ Kh8 11. fxg6 fxg5 12. Nh3 Nb6 13. Qh5 h6 14. Bxg5 Rf6
15. Bxh6 Nxc4 16. Bxg7+ Kxg7 17. Qh7+ Kf8 18. g7+ Ke8 19. g8=Q+ Rf8 20. Qgg6+
1-0

[Event "ENCI Limburg-open B"]
[Site "Maastricht"]
[Date "2010.05.22"]
[Round "3"]
[White "Hill, Nick"]
[Black "Van Herck, Rob"]
[Result "1/2-1/2"]
[WhiteElo "1773"]
[BlackElo "1809"]
[PlyCount "120"]
[EventDate "2010.05.21"]
[EventType "swiss"]
[EventRounds "7"]
[EventCountry "NED"]
[Source "P.Boonen"]
[SourceDate "2010.10.01"]

1. d4 Nf6 2. Nf3 g6 3. Bf4 Bg7 4. Nc3 O-O 5. e4 d6 6. Qd2 Nbd7 7. Bh6 e5 8.
O-O-O Re8 9. Bxg7 Kxg7 10. Bc4 Nb6 11. Bb5 Bd7 12. dxe5 dxe5 13. Bxd7 Nbxd7 14.
Qe2 a6 15. Nd5 Nxd5 16. Rxd5 Qc8 17. Rhd1 Nb6 18. Rc5 f6 19. Qd3 c6 20. Qb3 Qc7
21. Rc3 Rad8 22. Rcd3 Rxd3 23. Qxd3 Re7 24. Qd8 Qxd8 25. Rxd8 Rd7 26. Rxd7+
Nxd7 27. Nd2 f5 28. Nc4 Kf6 29. Nd6 Nc5 30. exf5 gxf5 31. b4 Na4 32. Nxb7 Nc3
33. Kd2 Ne4+ 34. Ke3 Nc3 35. Nc5 Nd5+ 36. Kd2 Nxb4 37. a3 Nd5 38. Nxa6 e4 39.
Nb4 Nb6 40. Kc3 c5 41. Na6 Nd5+ 42. Kd2 c4 43. c3 Ke5 44. a4 f4 45. a5 e3+ 46.
fxe3 fxe3+ 47. Ke2 Kf4 48. g3+ Kg4 49. Nb4 Nxc3+ 50. Kxe3 Nb5 51. Kf2 Kh3 52.
Kf3 h5 53. a6 Kxh2 54. g4 hxg4+ 55. Kxg4 Kg2 56. Kf4 Kf2 57. Ke4 Ke2 58. Nc2
Kd2 59. Na3 Nxa3 60. a7 c3 1/2-1/2

[Event "ENCI Limburg-open B"]
[Site "Maastricht"]
[Date "2010.05.22"]
[Round "3"]
[White "Willen, Ronny"]
[Black "Bachaus, Sander"]
[Result "1-0"]
[WhiteElo "1899"]
[BlackElo "1777"]
[PlyCount "123"]
[EventDate "2010.05.21"]
[EventType "swiss"]
[EventRounds "7"]
[EventCountry "NED"]
[Source "P.Boonen"]
[SourceDate "2010.10.01"]

1. e4 c6 2. d4 Na6 3. Nc3 Nc7 4. f4 g6 5. Be2 Bg7 6. Be3 d6 7. Nf3 b5 8. a3 Nf6
9. O-O O-O 10. Kh1 Bd7 11. Nd2 a5 12. g4 Qc8 13. f5 Re8 14. g5 Nxe4 15. Ndxe4
Bxf5 16. Ng3 Bd7 17. Bf3 Rb8 18. Qd2 b4 19. axb4 axb4 20. Nce4 Nd5 21. Bf2 Qc7
22. Ne2 Bf5 23. Bg3 e5 24. dxe5 Bxe5 25. Bxe5 Bxe4 26. Bxe4 Rxe5 27. Bxd5 Rxd5
28. Qf4 Qe7 29. Nd4 Rc8 30. Qg4 Rc7 31. h4 Re5 32. Rf4 Re1+ 33. Rxe1 Qxe1+ 34.
Kg2 Re7 35. Rf1 Qe4+ 36. Qxe4 Rxe4 37. Nf3 Kg7 38. Re1 Rc4 39. Re2 h6 40. Rd2
hxg5 41. hxg5 Re4 42. Rxd6 Re2+ 43. Kg3 Rxc2 44. Rd2 Rc1 45. Rd7 c5 46. Ne5 c4
47. Rxf7+ Kg8 48. Rc7 c3 49. bxc3 bxc3 50. Nd3 Rg1+ 51. Kf4 Rf1+ 52. Ke4 Rg1
53. Rc5 Kf8 54. Kd4 c2 55. Ke3 Ke7 56. Kd2 Rg2+ 57. Kc1 Kd6 58. Ra5 Ke7 59. Nb4
Rf2 60. Nxc2 Rf4 61. Kd2 Ke6 62. Ke3 1-0

[Event "ENCI Limburg-open B"]
[Site "Maastricht"]
[Date "2010.05.22"]
[Round "3"]
[White "Lasschuit, Rene1"]
[Black "De Strycker, Nathan"]
[Result "0-1"]
[WhiteElo "1917"]
[BlackElo "1753"]
[PlyCount "105"]
[EventDate "2010.05.21"]
[EventType "swiss"]
[EventRounds "7"]
[EventCountry "NED"]
[Source "P.Boonen"]
[SourceDate "2010.10.01"]

1. d4 Nf6 2. Nf3 g6 3. g3 Bg7 4. Bg2 O-O 5. O-O d6 6. Nc3 Nbd7 7. e4 e5 8. h3
Re8 9. dxe5 dxe5 10. Be3 c6 11. a4 a5 12. Qe2 Qc7 13. Rfd1 b6 14. Nd2 Ba6 15.
Qe1 Bf8 16. Bf1 Bb7 17. Nc4 Bb4 18. f3 Ba6 19. Bd2 b5 20. Ne3 Qb6 21. Kg2 Bxc3
22. Bxc3 b4 23. Bd2 Red8 24. Nc4 Bxc4 25. Bxc4 Qc7 26. Be3 Nb6 27. Be2 Rxd1 28.
Qxd1 Rd8 29. Qg1 Nc8 30. Bg5 Kg7 31. Qc5 h6 32. Be3 Nd7 33. Qc4 Ncb6 34. Qb3 c5
35. Bc4 Nf6 36. g4 Ne8 37. Qa2 Qe7 38. b3 Nxc4 39. bxc4 Nc7 40. Qb2 f6 41. c3
Na6 42. Qf2 bxc3 43. Qc2 Nb4 44. Qe2 Rd3 45. Kg3 Qd6 46. Qf2 Na6 47. Rb1 g5 48.
Rb5 c2 49. Bc1 Qd4 50. Rxa5 Qxc4 51. Qe2 Qd4 52. Rxa6 Qg1+ 53. Qg2 0-1

[Event "ENCI Limburg-open B"]
[Site "Maastricht"]
[Date "2010.05.22"]
[Round "3"]
[White "Cox, Jan"]
[Black "Mueller, Claudia"]
[Result "0-1"]
[WhiteElo "1854"]
[BlackElo "2033"]
[PlyCount "80"]
[EventDate "2010.05.21"]
[EventType "swiss"]
[EventRounds "7"]
[EventCountry "NED"]
[Source "P.Boonen"]
[SourceDate "2010.10.01"]

1. e4 c6 2. d4 d5 3. Nc3 g6 4. Nf3 Bg7 5. e5 Bf5 6. Bf4 Qb6 7. Na4 Qa5+ 8. c3
Nd7 9. Be2 b5 10. Nc5 Nxc5 11. dxc5 b4 12. a3 bxc3 13. b4 Qc7 14. Qc1 e6 15.
Qxc3 Be4 16. a4 Bxf3 17. Bxf3 Ne7 18. O-O a6 19. b5 O-O 20. Be2 axb5 21. axb5
cxb5 22. Bxb5 Nf5 23. Rfe1 Rxa1 24. Rxa1 d4 25. Qb4 Bxe5 26. Bxe5 Qxe5 27. Bd3
Ne7 28. Re1 Nc6 29. Rxe5 Nxb4 30. Bc4 d3 31. Kf1 Rd8 32. Ke1 Rd4 33. Bb3 d2+
34. Ke2 Na2 35. c6 Nc1+ 36. Kd1 Nxb3 37. Rc5 Re4 38. Kc2 Nxc5 39. c7 Rc4+ 40.
Kxd2 Nb3+ 0-1

[Event "ENCI Limburg-open B"]
[Site "Maastricht"]
[Date "2010.05.22"]
[Round "3"]
[White "Geboers, Jimmy"]
[Black "Cromsigt, Jeroen"]
[Result "0-1"]
[WhiteElo "1977"]
[BlackElo "1825"]
[PlyCount "82"]
[EventDate "2010.05.21"]
[EventType "swiss"]
[EventRounds "7"]
[EventCountry "NED"]
[Source "P.Boonen"]
[SourceDate "2010.10.01"]

1. d4 Nf6 2. c4 g6 3. Nc3 d5 4. f3 Bg7 5. e4 dxe4 6. fxe4 e5 7. d5 O-O 8. Nf3
Ne8 9. Bd3 f5 10. O-O f4 11. Bd2 g5 12. h3 h5 13. Nh2 Nf6 14. Be2 Qe8 15. b4
Qg6 16. Qc2 g4 17. h4 f3 18. Bd3 f2+ 19. Kh1 g3 20. Nf3 Nh7 21. Ng5 Nxg5 22.
Bxg5 Rf4 23. Bxf4 exf4 24. Rxf2 gxf2 25. Qxf2 Bxc3 26. Rf1 Qg3 27. Qxf4 Qxf4
28. Rxf4 Be5 29. Rf1 Bg4 30. c5 Na6 31. Bc4 Rf8 32. Rb1 Nb8 33. a4 Kg7 34. b5
Nd7 35. c6 bxc6 36. dxc6 Nc5 37. Bd5 Bc3 38. Rc1 Bd4 39. Rc4 Rf1+ 40. Kh2 Be5+
41. g3 Bf3 0-1

[Event "ENCI Limburg-open B"]
[Site "Maastricht"]
[Date "2010.05.24"]
[Round "6"]
[White "Van Herck, Raf"]
[Black "Heijenrath, Jan"]
[Result "0-1"]
[WhiteElo "1683"]
[BlackElo "1749"]
[PlyCount "52"]
[EventDate "2010.05.21"]
[EventType "swiss"]
[EventRounds "7"]
[EventCountry "NED"]
[Source "P.Boonen"]
[SourceDate "2010.10.01"]

1. Nc3 d5 2. e4 dxe4 3. Nxe4 Bf5 4. Ng3 Bg6 5. Nf3 h6 6. d4 e6 7. Ne5 Bh7 8.
Bd3 Bxd3 9. Qxd3 c6 10. Ne4 Nd7 11. Qf3 Nxe5 12. dxe5 Qa5+ 13. Bd2 Qxe5 14. O-O
Nf6 15. Rfe1 Nxe4 16. Rxe4 Qc7 17. Rae1 O-O-O 18. Be3 Bd6 19. Bxa7 Bxh2+ 20.
Kh1 Bd6 21. Qb3 Rde8 22. Bb6 Qb8 23. Rxe6 fxe6 24. Rxe6 Kd7 25. Rxe8 Qxe8 26.
Be3 Qh5+ 0-1

[Event "ENCI Limburg-open B"]
[Site "Maastricht"]
[Date "2010.05.23"]
[Round "4"]
[White "Klein, Gernot"]
[Black "Lenaerts, Lennert"]
[Result "1-0"]
[WhiteElo "1903"]
[BlackElo "1758"]
[PlyCount "79"]
[EventDate "2010.05.21"]
[EventType "swiss"]
[EventRounds "7"]
[EventCountry "NED"]
[Source "P.Boonen"]
[SourceDate "2010.10.01"]

1. e4 d5 2. exd5 Nf6 3. d4 Nxd5 4. Be2 g6 5. Nf3 Bg7 6. O-O O-O 7. c3 a6 8. Re1
b5 9. Nbd2 Bb7 10. Nf1 Nd7 11. Ng3 c5 12. Bf1 cxd4 13. Nxd4 e5 14. Nf3 f5 15.
c4 Nc7 16. cxb5 axb5 17. Bg5 Qe8 18. Bxb5 Nxb5 19. Qb3+ Kh8 20. Qxb5 Ba6 21.
Qc6 f4 22. Ne4 h6 23. Red1 Ra7 24. Nc5 Nxc5 25. Qxc5 Qb8 26. Be7 Rc8 27. Qd6
Qb7 28. Bf6 e4 29. Bxg7+ Qxg7 30. Ne5 Kh7 31. Rac1 Re8 32. Ng4 Be2 33. Nf6+
Qxf6 34. Qxf6 Bxd1 35. Rxd1 e3 36. Qxf4 e2 37. Re1 Rd7 38. f3 Rd1 39. Kf2 Rxe1
40. Qf7+ 1-0

[Event "ENCI Limburg-open B"]
[Site "Maastricht"]
[Date "2010.05.24"]
[Round "6"]
[White "Erin, Igor"]
[Black "Camps, Jeroen"]
[Result "1-0"]
[WhiteElo "1794"]
[BlackElo "1849"]
[PlyCount "73"]
[EventDate "2010.05.21"]
[EventType "swiss"]
[EventRounds "7"]
[EventCountry "NED"]
[Source "P.Boonen"]
[SourceDate "2010.10.01"]

1. g3 c5 2. Bg2 Nc6 3. d3 e6 4. Nf3 b5 5. O-O Bb7 6. c4 bxc4 7. dxc4 Nf6 8. Nc3
Be7 9. Bf4 O-O 10. Bd6 Bxd6 11. Qxd6 Qb6 12. Na4 Qb4 13. b3 Ne4 14. Qd3 d5 15.
a3 Qa5 16. cxd5 exd5 17. Qxd5 Nd8 18. Qc4 Ne6 19. Rfd1 Nf6 20. Rd6 Bd5 21. Rxd5
Nxd5 22. Qxd5 Rfd8 23. Qc4 Rac8 24. Bh3 Rc6 25. Bxe6 Rxe6 26. Nxc5 Rc6 27. b4
Qc7 28. Qe4 h6 29. e3 Rf6 30. Nd4 Qc8 31. Rc1 Re8 32. Qb7 Qxb7 33. Nxb7 Rb8 34.
Rc7 a6 35. Nc5 Rd8 36. Ra7 Rdd6 37. Ne4 1-0

[Event "ENCI Limburg-open B"]
[Site "Maastricht"]
[Date "2010.05.24"]
[Round "6"]
[White "Gullentops, Nathan"]
[Black "Porteman, Eric"]
[Result "1-0"]
[WhiteElo "1790"]
[BlackElo "1931"]
[PlyCount "79"]
[EventDate "2010.05.21"]
[EventType "swiss"]
[EventRounds "7"]
[EventCountry "NED"]
[Source "P.Boonen"]
[SourceDate "2010.10.01"]

1. e4 e6 2. d4 d5 3. e5 c5 4. c3 Nc6 5. Nf3 Qb6 6. a3 Bd7 7. b4 cxd4 8. cxd4
Rc8 9. Be3 Nge7 10. Be2 Nf5 11. O-O Be7 12. g4 Nxe3 13. fxe3 O-O 14. Qd2 f6 15.
exf6 Rxf6 16. g5 Rff8 17. Nc3 Qd8 18. h4 Be8 19. Nd1 Bh5 20. Nh2 Rxf1+ 21. Nxf1
Bxe2 22. Qxe2 Qd7 23. Qg4 Rf8 24. Nf2 Bd8 25. Nd3 Rf5 26. Ng3 g6 27. Nxf5 exf5
28. Qf3 Bc7 29. Nf4 Ne7 30. Rc1 Bb6 31. h5 Bd8 32. hxg6 hxg6 33. Rc5 b6 34.
Nxd5 Kf8 35. Nf6 Qd6 36. Rc2 Ng8 37. Nxg8 Kxg8 38. Rc6 Qb8 39. Rxg6+ Kh7 40.
Qh5# 1-0

[Event "ENCI Limburg-open B"]
[Site "Maastricht"]
[Date "2010.05.24"]
[Round "7"]
[White "Visser, Sebastiaan"]
[Black "Vansteenkiste, Luc"]
[Result "1-0"]
[WhiteElo "1731"]
[BlackElo "1854"]
[PlyCount "73"]
[EventDate "2010.05.21"]
[EventType "swiss"]
[EventRounds "7"]
[EventCountry "NED"]
[Source "P.Boonen"]
[SourceDate "2010.10.01"]

1. d4 f5 2. Bg5 h6 3. Bh4 c5 4. h3 Qb6 5. b3 cxd4 6. Nf3 e5 7. c3 dxc3 8. Qc2
e4 9. Ne5 d5 10. a3 d4 11. e3 Be6 12. exd4 Qxd4 13. Qxc3 Qxc3+ 14. Nxc3 g5 15.
Bb5+ Nd7 16. Bg3 Bg7 17. Rd1 Rd8 18. f4 exf3 19. Kf2 f4 20. Bxf4 gxf4 21. Nxd7
Bxd7 22. Rhe1+ Kf8 23. Ne4 Rc8 24. Bxd7 Rd8 25. Kxf3 Nf6 26. Nxf6 Bxf6 27. Kxf4
Bg5+ 28. Kf5 Rh7 29. Bb5 Rf7+ 30. Kg4 Rf4+ 31. Kg3 Rxd1 32. Rxd1 Re4 33. Rd7
Re3+ 34. Kg4 Rxb3 35. h4 Be7 36. Rxb7 Rxa3 37. Kf5 {Time} 1-0

[Event "ENCI Limburg-open B"]
[Site "Maastricht"]
[Date "2010.05.24"]
[Round "7"]
[White "Begri, Felix"]
[Black "Frijns, Raoul"]
[Result "0-1"]
[WhiteElo "1905"]
[BlackElo "1729"]
[PlyCount "102"]
[EventDate "2010.05.21"]
[EventType "swiss"]
[EventRounds "7"]
[EventCountry "NED"]
[Source "P.Boonen"]
[SourceDate "2010.10.01"]

1. d4 d5 2. c4 e6 3. Nf3 Nf6 4. g3 Be7 5. Bg2 c6 6. O-O O-O 7. Qc2 Nbd7 8. Nbd2
b6 9. e4 dxe4 10. Nxe4 Nxe4 11. Qxe4 Bb7 12. Qc2 c5 13. dxc5 Bxc5 14. Rd1 Qc8
15. Ng5 Nf6 16. b3 h6 17. Ne4 Nxe4 18. Bxe4 Bxe4 19. Qxe4 Rd8 20. Bb2 Qc7 21.
Qg4 e5 22. Qe4 f6 23. Rd5 Rac8 24. Rad1 Kf8 25. Qf5 Ke7 26. Bxe5 Rxd5 27. Rxd5
fxe5 28. Rxe5+ Kd8 29. Qe6 Qe7 30. Qd5+ Qd6 31. Qe4 Kc7 32. Re6 Qd7 33. Kg2 Rf8
34. f4 Rd8 35. f5 Rf8 36. Qe5+ Bd6 37. Qe2 Rxf5 38. g4 Rf6 39. Re4 Rf4 40. Rxf4
Bxf4 41. Kf3 g5 42. h3 Qc6+ 43. Kf2 Qc5+ 44. Kf3 Qe5 45. Qd3 Qe7 46. a4 a5 47.
Qc3 Be5 48. Qd3 Qf6+ 49. Ke2 Bd4 50. Qh7+ Kd6 51. Qe4 Qe5 0-1

[Event "ENCI Limburg-open B"]
[Site "Maastricht"]
[Date "2010.05.24"]
[Round "7"]
[White "Ducarmon, Renzo"]
[Black "Capone, Nicola"]
[Result "0-1"]
[WhiteElo "1922"]
[BlackElo "1852"]
[PlyCount "88"]
[EventDate "2010.05.21"]
[EventType "swiss"]
[EventRounds "7"]
[EventCountry "NED"]
[Source "P.Boonen"]
[SourceDate "2010.10.01"]

1. e4 c5 2. Nc3 Nc6 3. f4 g6 4. Bc4 Bg7 5. Nf3 d6 6. O-O Nf6 7. d3 O-O 8. Qe1
a6 9. a4 Nb4 10. Bb3 Bd7 11. Bd2 Qb6 12. Kh1 Nxd3 13. Bxf7+ Rxf7 14. cxd3 Bc6
15. Bc1 Rff8 16. Qh4 Qb3 17. Ra3 Qe6 18. h3 h6 19. f5 gxf5 20. exf5 Qxf5 21.
Bxh6 Bxh6 22. Qxh6 Rf7 23. Qg5+ Qxg5 24. Nxg5 Rg7 25. Nge4 Kf7 26. b3 Rag8 27.
Ra2 Ke6 28. Re2 Nxe4 29. dxe4 b5 30. Rff2 Rg3 31. Rf3 Rxf3 32. gxf3 Rg3 33. Re3
Rxh3+ 34. Kg2 Rh8 35. axb5 axb5 36. f4 Kf6 37. Kg3 Rg8+ 38. Kf2 Rg4 39. Ne2 e5
40. fxe5+ Kxe5 41. Nc3 b4 42. Ne2 Rxe4 43. Ng3 Rxe3 44. Kxe3 Bd5 0-1